| 000 | 00468nam a22001697a 4500 | ||
|---|---|---|---|
| 003 | OSt | ||
| 005 | 20260202053207.0 | ||
| 008 | 260202b |||||||| |||| 00| 0 eng d | ||
| 020 | _a0-684-80146-9 | ||
| 040 |
_aDWC-Admin lib _cOC |
||
| 082 | _aFic. H373f 1995 | ||
| 100 | _aHemingway, Ernest | ||
| 245 |
_a A farewell to arms / _cErnest Hemingway |
||
| 260 |
_a New York : _bSimon & Schuster, _cc1995. |
||
| 300 |
_a332 p. ; _c20 cm. |
||
| 942 |
_2ddc _cFIC. _hFic. _n0 |
||
| 999 |
_c8117 _d8117 |
||